000 00767nam a22002651 4500
001 24989
003 BD-RjUL
005 20211209050820.0
008 140316s1904 enkbcfh 001 0beng
035 _a(BD-RjUL)25058
035 _a(OCoLC)2462064
040 _aDLC
_cScU
_dScU
_dDLC
_dBD-RjUL
_beng
041 _aeng
082 _a942.04
_bLEQ 1904
100 1 _aLee, Sidney,
_d1859-1926.
_957528
245 0 0 _aQueen Victoria :
_ba biography /
_cSidney Lee.
250 _aCheaper ed.
260 _aLondon :
_bSmith, Elder, & co.,
_c1904.
300 _axxxv, 632 p. :
_bill., map ;
_c22 cm.
504 _aIncludes index.
600 0 0 _aVictoria,
_cQueen of Great Britain,
_d1819-1901.
_976869
942 _2ddc
_cBK
999 _c24989
_d24989